00223nam a2200097Ia 4500008004100000100000900041245002400050260002700074942000700101999001700108190216s9999||||xx |||||||||||||| ||und|| aNull 0aHindi-Kavya Tharang bUniversity Of Calicut cBK c17752d17752